Из районов области сообщают... (Запись № 657185)

Подробности
000 -МАРКЕР
контрольное поле 02149nam0a2200373 4500
001 - ИДЕНТИФИКАТОР ЗАПИСИ
контрольное поле RU\NLR\bibl\1026608
005 - ИДЕНТИФИКАТОР ВЕРСИИ
контрольное поле 20260407073240.0
010 ## - МЕЖДУНАРОДНЫЙ СТАНДАРТНЫЙ НОМЕР КНИГИ (ISBN)
Номер (ISBN) 5-86007-508-1
Тираж 1000
021 ## - НОМЕР ГОСУДАРСТВЕННОЙ РЕГИСТРАЦИИ
Код страны Российская Федерация
Номер 2007-47887
Номер Листа государственной регистраци 2544
035 ## - ДРУГИЕ СИСТЕМНЫЕ НОМЕРА
Идентификатор записи (NLR Aleph) 001014113
100 ## - ДАННЫЕ ОБЩЕЙ ОБРАБОТКИ
Данные общей обработки 20061221d2006 |||y0rusy50 ca
101 0# - ЯЗЫК РЕСУРСА
Язык текста, звукозаписи и т.д. русский
102 ## - СТРАНА ПУБЛИКАЦИИ ИЛИ ПРОИЗВОДСТВА
Страна публикации Российская Федерация
105 ## - ПОЛЕ КОДИРОВАННЫХ ДАННЫХ: ТЕКСТОВЫЕ МАТЕРИАЛЫ, МОНОГРАФИЧЕСКИЕ
Кодированные данные о монографическом текстовом документе y |||||||||
200 1# - ЗАГЛАВИЕ И СВЕДЕНИЯ ОБ ОТВЕТСТВЕННОСТИ
Основное заглавие Из районов области сообщают...
Сведения, относящиеся к заглавию свободные от оккупации районы Ленинградской области в годы Великой Отечественной войны 1941-1945
-- сборник документов
Первые сведения об ответственности Арх. ком. С.-Петербурга и Ленингр. обл., Центр. гос. арх. Санкт-Петербурга
Последующие сведения об ответственности [отв. сост. Н.Ю. Черепенина, засл. работник культуры]
-- отв. ред. [д.ист.н.] А.Р. Дзенискевич
210 ## - ПУБЛИКАЦИЯ, РАСПРОСТРАНЕНИЕ И ДР.
Место издания, распространения и т.д. Санкт-Петербург
Имя издателя, распространителя и т. д. Дмитрий Буланин
Дата издания, распространения и т.д. 2006
215 ## - ФИЗИЧЕСКАЯ ХАРАКТЕРИСТИКА
Специфическое обозначение материала и объем 625, [2] с.
Размеры 22
320 ## - ПРИМЕЧАНИЯ О НАЛИЧИИ В ДОКУМЕНТЕ БИБЛИОГРАФИИ / УКАЗАТЕЛЯ
Текст примечания Библиогр. в коммент.: с. 569-588
320 ## - ПРИМЕЧАНИЯ О НАЛИЧИИ В ДОКУМЕНТЕ БИБЛИОГРАФИИ / УКАЗАТЕЛЯ
Текст примечания Указ. имен: с. 604-613
320 ## - ПРИМЕЧАНИЯ О НАЛИЧИИ В ДОКУМЕНТЕ БИБЛИОГРАФИИ / УКАЗАТЕЛЯ
Текст примечания Крат. библиогр. указ. руководителей Ленингр. обл. в 1941-1945 гг.: с. 614-618
606 1# - НАИМЕНОВАНИЕ ТЕМЫ КАК ПРЕДМЕТ
Наименование темы Великая Отечественная война
Формальный подзаголовок Документы и материалы
Географический подзаголовок Ленинградская область
Хронологический подзаголовок 1941 - 1945
Системный номер авторитетной/нормативной записи 2089449
Идентификатор авторитетной/нормативной записи RU\NLR\auth\661264807
686 1# - ИНДЕКСЫ ДРУГИХ КЛАССИФИКАЦИЙ
Индекс Т3(2)722.9-9(2Р-4Ле),011
686 1# - ИНДЕКСЫ ДРУГИХ КЛАССИФИКАЦИЙ
Индекс Ц35(2)722.11(2Р-4Ле),011
702 #1 - ИМЯ ЛИЦА - ВТОРИЧНАЯ ОТВЕТСТВЕННОСТЬ
Начальный элемент ввода Черепенина
Часть имени, кроме начального элемента ввода Н. Ю.
Расширение инициалов личного имени Надежда Юрьевна
Код отношения Составитель
702 #1 - ИМЯ ЛИЦА - ВТОРИЧНАЯ ОТВЕТСТВЕННОСТЬ
Код отношения Редактор
Материалы, к которым относится поле rus
Графика поля Кириллица
Начальный элемент ввода Дзенискевич
Часть имени, кроме начального элемента ввода А. Р.
Даты 1932-
Расширение инициалов личного имени Андрей Ростиславович
Идентификатор авторитетной/нормативной записи RU\NLR\auth\775128
Системный номер авторитетной/нормативной записи 115096
712 02 - НАИМЕНОВАНИЕ ОРГАНИЗАЦИИ - ВТОРИЧНАЯ ОТВЕТСТВЕННОСТЬ
Код отношения Прочие
Начальный элемент ввода Центральный государственный архив Санкт-Петербурга
Идентификатор авторитетной/нормативной записи RU\NLR\AUTH\8810037057
Системный номер авторитетной/нормативной записи 572813
801 #0 - ИСТОЧНИК ЗАПИСИ
Страна Российская Федерация
Организация NLR
Дата составления 20061221
Правила каталогизации RCR
801 #1 - ИСТОЧНИК ЗАПИСИ
Страна Российская Федерация
Организация NLR
Дата составления 20061221
830 ## - ОБЩЕЕ ПРИМЕЧАНИЕ, СОСТАВЛЕННОЕ КАТАЛОГИЗАТОРОМ
Текст примечания сост. по ЭК
942 ## - ДОПОЛНИТЕЛЬНЫЕ ЭЛЕМЕНТЫ ЗАПИСИ (АБИС)
Тип экземпляра АБИС Книга
980 ## - КОЛЛЕКЦИЯ
Название коллекции Национальная библиография
Экземпляры
Тип экземпляра Дата поступления Источник поступления Стоимость Библиотека постоянного хранения Библиотека текущего хранения Место хранения Шифр хранения Штрих-код Статус экземпляра
Книга 21.12.2006 Дар 250.00 РНБ (Московский) РНБ (Московский) Русский книжный фонд: издания с 1957 года 2006-5/9627 1-211407  
Книга 29.08.2007 Обязательный экземпляр   РНБ (Московский) РНБ (Московский) Русский книжный фонд: издания с 1957 года 2006-5/9627 1-432570  
Книга 29.08.2007 Обязательный экземпляр   РНБ (Московский) РНБ (Московский) Обменный фонд   2494290  
Книга 04.09.2007 Покупка 307.00 РНБ (Садовая) РНБ (Садовая) Универсальный читальный зал У Т3(2)722/И-320 1-118978  
Книга 14.03.2019 Покупка 306.00 РНБ (Садовая) РНБ (Садовая) Фонд международного книгообмена   1-2642063 Доставлен в Фoнд